| 000 | 00756nam a22002297a 4500 | ||
|---|---|---|---|
| 999 |
_c1034 _d1034 |
||
| 003 | AR-CdUCM | ||
| 008 | 190226b ||||| |||| 00| 0 spa d | ||
| 020 | _a9688160288 | ||
| 040 |
_aMUNICIPALIDAD PROVINCIAL DEL CUSCO _cBIBLIOTECA MUNICIPAL DEL CUSCO |
||
| 082 |
_a974 / _bV74 |
||
| 100 |
_aViramontes, Leonardo S. _94023 |
||
| 245 | _aBenito Juárez / | ||
| 260 |
_aMéxico : _bEditora Nacional, _c1972. |
||
| 300 |
_a322 páginas ; _c18 cm. |
||
| 505 | _aLos tiempos remotos -- Los palacios de cantera, tezontle y hierro -- La lucha por una atmósfera de libertad ... | ||
| 650 |
_aMéxico. _918 |
||
| 650 |
_aPalacios. _94024 |
||
| 650 |
_aHistoria. _9136 |
||
| 700 |
_aBulnes, Francisco _94025 |
||
| 942 |
_2ddc _cLIBROS |
||
| 945 |
_apjha _d2019-05-03 |
||